00746cam a2200241 450000100060000000300080000600500170001400800410003103500190007204000250009104100130011608200210012910000240015024500800017425000220025426000390027630000290031550000540034450000200039850400400041860000320045870000140049016845BD-RjUL20211209000046.0140215s1962 enka b 001 0 eng d a(BD-RjUL)16900 aLCbengcLCdBD-RjUL1 aenghger00a709.46bHOP 19621 aHorodisch, Abraham.10aPicasso as a book artist /cby Abraham Horodisch ; translation by I. Grafe. aNew, expanded ed. aLondon :bFaber and Faber,cc1962. a136 p. :bill. ;c26 cm. aTranslation of: Pablo Picasso als Buchkünstler. aIncludes index. aIncludes bibliography (p. 112-131).10aPicasso, Pablo,d1881-1973.1 aGrafe, I.